Top10 - Najwięcej zbiórek w historii NBA - Statystyki

Ogólne statystyki
  • Ten quiz został rozwiązany 27 razy
  • Średni wynik to 3 z 10
Statystyki odpowiedzi
# Zawodnik NBA Punkty % Poprawnych
1 Wilt Chamberlain 23.924
81%
3 Kareem Abdul-Jabbar 17.440
46%
7 Karl Malone 14.968
38%
5 Moses Malone 16.212
38%
2 Bill Russell 21.620
35%
6 Tim Duncan 15.091
31%
10 Dwight Howard 14.627
19%
9 Kevin Garnett 14.662
15%
8 Robert Parish 14.715
12%
4 Elvin Hayes 16.279
8%
Nie znaleziono quizów pasujących do podanych kryteriów
Rozkład punktacji
Procent ludzi z każdym wynikiem
Percentyl według liczby udzielonych odpowiedzi
Twoja historia wyników
Nie rozwiązałeś tego quizu